Fate and effects of petroleum hydrocarbons in marine ecosystems and organisms : proceedings of a symposium, November 10-12, 1976, Olympic Hotel, Seattle, Washington /

Bibliographic Details
Corporate Authors: United States. National Oceanic and Atmospheric Administration, United States. Environmental Protection Agency
Other Authors: Wolfe, Douglas A., Anderson, Jack W.
Format: Book
Language:English
Published: Oxford ; New York : Pergamon Press, [1977]
Subjects:

MARC

Tag First Indicator Second Indicator Subfields
LEADER 00000cam a2200000 i 4500
001 in00000367752
005 20151011074910.0
008 780119s1977 enka b 10100 eng
010 |a  77076464  
015 |a GB*** 
020 |a 0080216137 
035 |a (OCoLC)03263884 
035 |9 ABP5716AM 
040 |a DLC  |c DLC  |d TXA  |d UtOrBLW 
049 |a TXAM  |c [1536461] 
050 0 0 |a QH545.O5  |b F37 1977 
082 0 |a 574.5/2636 
245 0 0 |a Fate and effects of petroleum hydrocarbons in marine ecosystems and organisms :  |b proceedings of a symposium, November 10-12, 1976, Olympic Hotel, Seattle, Washington /  |c edited by Douglas A. Wolfe, with assistance from J. W. Anderson [and others] ; sponsored by National Oceanographic and Atmospheric Administration, Environmental Protection Agency. 
264 1 |a Oxford ;  |a New York :  |b Pergamon Press,  |c [1977] 
264 4 |c ©1977 
300 |a xix, 478 pages :  |b illustrations ;  |c 26 cm. 
336 |a text  |b txt  |2 rdacontent 
337 |a unmediated  |b n  |2 rdamedia 
338 |a volume  |b nc  |2 rdacarrier 
504 |a Includes bibliographies and indexes. 
650 0 |a Oil pollution of the sea  |x Congresses. 
650 0 |a Hydrocarbons  |x Environmental aspects  |x Congresses. 
650 0 |a Petroleum  |x Physiological effect  |x Congresses. 
650 0 |a Hydrocarbons  |x Physiological effect  |x Congresses. 
700 1 |a Wolfe, Douglas A. 
700 1 |a Anderson, Jack W. 
710 1 |a United States.  |b National Oceanic and Atmospheric Administration. 
710 1 |a United States.  |b Environmental Protection Agency. 
999 |a MARS 
999 f f |s 7cf2fbee-625c-350b-9621-4b7fa7728e9c  |i cc599460-6e20-321d-ae08-a835d2944c6c  |t 0 
952 f f |p normal  |a Texas A&M University  |b College Station  |c Sterling C. Evans Library  |d Evans: Library Stacks  |t 0  |e QH545.O5 F37 1977  |h Library of Congress classification  |i unmediated -- volume  |m A14804861463 
952 f f |p normal  |a Texas A&M University  |b Galveston Campus  |c Jack K. Williams Library  |d Galveston Stacks  |t 0  |e QH 545 .O5 F37 1977  |g GBAY  |h Library of Congress classification  |i unmediated -- volume  |m 33620001102967 
998 f f |a QH 545 .O5 F37 1977  |t 0  |l Galveston Stacks 
998 f f |a QH545.O5 F37 1977  |t 0  |l Evans: Library Stacks